[Event "DEM U12/U12w 2015"]
[Site "Willingen GER"]
[Date "2015.05.26"]
[Round "5"]
[White "Brückner, Alexander"]
[Black "Helmer, Jan"]
[Result "1/2-1/2"]
[Termination "normal"]
[Board "8"]
[WhiteElo "1821"]
[BlackElo "1691"]
[WhiteClock "00:40:34"]
[BlackClock "00:54:36"]
[PlyCount "64"]
[WhiteFideId "12952613"]
[BlackFideId "12956686"]
[EventCountry "GER"]
[EventRounds "11"]
[EventType "swiss"]
[EventDate "2015.05.23"]

1. e4 e6 2. d4 d5 3. exd5 exd5 4. Bd3 Nc6 5. c3 Bd6 6. Qf3 Nge7 7. Ne2 Be6 8.
Bf4 Qd7 9. Nd2 O-O-O 10. O-O-O Ng6 11. h3 Rhe8 12. Rhe1 Bf5 13. Bg5 Bxd3 14.
Bxd8 Bxe2 15. Rxe2 Kxd8 16. Rde1 Rxe2 17. Rxe2 Nf4 18. Re3 Ne7 19. g3 Nfg6 20.
Qxf7 Qxh3 21. Qxg7 Qh1+ 22. Kc2 Qa1 23. a3 Qa2 24. Nb1 b5 25. Qxh7 a5 26. Qg7
b4 27. axb4 axb4 28. cxb4 Qc4+ 29. Nc3 Bxb4 30. Qf6 Bxc3 31. Rxc3 Qe2+ 32. Kb3
Qb5+ 1/2-1/2

[Event "DEM U12/U12w 2015"]
[Site "Willingen GER"]
[Date "2015.05.26"]
[Round "5"]
[White "Yi, Danny"]
[Black "Bui, Ngoc Han Julia"]
[Result "1-0"]
[Termination "normal"]
[Board "9"]
[WhiteElo "1778"]
[BlackElo "1596"]
[PlyCount "89"]
[WhiteFideId "12988588"]
[BlackFideId "12977055"]
[EventCountry "GER"]
[EventRounds "11"]
[EventType "swiss"]
[EventDate "2015.05.23"]

1. e4 e6 2. d4 d5 3. Nd2 Nf6 4. e5 Nfd7 5. Bd3 c5 6. c3 Nc6 7. Ne2 cxd4 8. cxd4
f6 9. exf6 Nxf6 10. O-O Bd6 11. Nf3 Qc7 12. g3 O-O 13. Bf4 Ng4 14. Rc1 Bxf4 15.
Nxf4 Rxf4 16. gxf4 Qxf4 17. Rc3 Nxd4 18. Bxh7+ Kxh7 19. Qxd4 Qxd4 20. Nxd4 e5
21. Nb5 Bf5 22. Rd1 Rd8 23. Nxa7 d4 24. Rc7 e4 25. Nb5 d3 26. Rc4 Ne5 27. Rb4
Bg4 28. Ra1 Rd5 29. Nc3 Nf3+ 30. Kg2 Rg5 31. Nxe4 Rg6 32. Ng3 d2 33. Rxg4 Ne1+
34. Kh3 Rd6 35. Rd1 Nd3 36. Ne4 Re6 37. Rxd2 Rh6+ 38. Rh4 Nf4+ 39. Kg4 Rxh4+
40. Kxh4 Ng2+ 41. Kg4 Kg6 42. Rd6+ Kf7 43. Ng5+ Ke7 44. Re6+ Kd7 45. Kg3 1-0

[Event "DEM U12/U12w 2015"]
[Site "Willingen GER"]
[Date "2015.05.26"]
[Round "5"]
[White "Breitzmann, Sander"]
[Black "Post, Hugo"]
[Result "1/2-1/2"]
[Termination "normal"]
[Board "10"]
[WhiteElo "1415"]
[BlackElo "1774"]
[PlyCount "57"]
[WhiteFideId "12987085"]
[BlackFideId "12962490"]
[EventCountry "GER"]
[EventRounds "11"]
[EventType "swiss"]
[EventDate "2015.05.23"]

1. e4 c5 2. Nc3 Nc6 3. g3 g6 4. Bg2 Bg7 5. d3 d6 6. Be3 e5 7. Qd2 Nge7 8. f4
O-O 9. Nf3 exf4 10. Bxf4 Nd4 11. O-O Nxf3+ 12. Bxf3 Be6 13. Bh6 Nc6 14. Bxg7
Kxg7 15. Ne2 Ne5 16. b3 b5 17. d4 Nxf3+ 18. Rxf3 Qe7 19. Nc3 Qb7 20. d5 Bd7 21.
Raf1 b4 22. Ne2 Bb5 23. R1f2 Qe7 24. c4 Bd7 25. Qb2+ f6 26. Qc2 a5 27. Nf4 Rae8
28. Re3 Qd8 29. Rfe2 1/2-1/2

[Event "DEM U12/U12w 2015"]
[Site "Willingen GER"]
[Date "2015.05.26"]
[Round "5"]
[White "Dobrikov, Marco"]
[Black "Köllner, Ruben Gideon"]
[Result "1-0"]
[Termination "normal"]
[Board "11"]
[WhiteElo "1947"]
[BlackElo "1649"]
[PlyCount "51"]
[WhiteFideId "12950378"]
[BlackFideId "12993093"]
[EventCountry "GER"]
[EventRounds "11"]
[EventType "swiss"]
[EventDate "2015.05.23"]

1. e4 d6 2. d4 Nf6 3. Nc3 e5 4. Nge2 exd4 5. Nxd4 Be7 6. g3 O-O 7. Bg2 Nc6 8.
Nde2 Be6 9. f4 Qc8 10. h3 Rd8 11. g4 Nd7 12. O-O Nf8 13. Be3 Bd7 14. Nd5 Ng6
15. f5 Nge5 16. f6 Bxf6 17. Nxf6+ gxf6 18. Rxf6 Re8 19. Nf4 Ng6 20. Nh5 Re6 21.
Qd2 Nce5 22. Raf1 Bc6 23. Bd4 Rxf6 24. Qh6 Rxf1+ 25. Kxf1 Bb5+ 26. Kg1 1-0

[Event "DEM U12/U12w 2015"]
[Site "Willingen GER"]
[Date "2015.05.26"]
[Round "5"]
[White "Knüdel, Torben"]
[Black "Suvorov, Alexander"]
[Result "0-1"]
[Termination "normal"]
[Board "12"]
[WhiteElo "1553"]
[BlackElo "1938"]
[PlyCount "84"]
[WhiteFideId "16208820"]
[BlackFideId "12977063"]
[EventCountry "GER"]
[EventRounds "11"]
[EventType "swiss"]
[EventDate "2015.05.23"]

1. d4 d5 2. c4 dxc4 3. e4 Nf6 4. e5 Nd5 5. Bxc4 Nb6 6. Bb3 Nc6 7. Nf3 Bf5 8.
O-O e6 9. Nc3 Qd7 10. h3 Be7 11. Be3 Nb4 12. Qd2 N4d5 13. Rfc1 c6 14. a4 a5 15.
Ne1 Nb4 16. Bd1 h6 17. f4 Rd8 18. Be2 Rg8 19. Nf3 N6d5 20. Nxd5 Nxd5 21. Bf2
Bb4 22. Qd1 Nxf4 23. Bf1 g5 24. Nd2 g4 25. h4 Qe7 26. g3 Nh3+ 27. Bxh3 gxh3 28.
Kh2 Qd7 29. Nf3 Bg4 30. d5 Qxd5 31. Qxd5 Rxd5 32. Ng1 Rd2 33. Rf1 Bc5 34. Nxh3
Bxh3 35. Kxh3 Rxf2 36. Rxf2 Bxf2 37. h5 Rxg3+ 38. Kh2 Rg5 39. b4 axb4 40. a5
Bg3+ 41. Kh3 Bxe5 42. a6 Bxa1 0-1

[Event "DEM U12/U12w 2015"]
[Site "Willingen GER"]
[Date "2015.05.26"]
[Round "5"]
[White "Biermann, Lenhard"]
[Black "Grund, Sebastian"]
[Result "0-1"]
[Termination "normal"]
[Board "13"]
[WhiteElo "1622"]
[BlackElo "1810"]
[PlyCount "86"]
[WhiteFideId "12970077"]
[BlackFideId "12988626"]
[EventCountry "GER"]
[EventRounds "11"]
[EventType "swiss"]
[EventDate "2015.05.23"]

1. c4 Nf6 2. g3 g6 3. b3 Bg7 4. Bb2 c5 5. Bg2 O-O 6. Nf3 Nc6 7. O-O b6 8. d4
cxd4 9. Nxd4 Bb7 10. Nd2 Rb8 11. N4f3 d5 12. cxd5 Qxd5 13. Nc4 Rfd8 14. Qxd5
Nxd5 15. Bxg7 Kxg7 16. Rac1 Rbc8 17. Rfd1 Nc3 18. Rxd8 Nxe2+ 19. Kf1 Nxc1 20.
Rd7 Ba6 21. Nfd2 Nxa2 22. Bxc6 Rxc6 23. Rxe7 Nc1 24. Rxa7 Bb5 25. Ra3 Nd3 26.
Kg1 Re6 27. Ne3 Ne5 28. Ra1 Rd6 29. Ndc4 Nxc4 30. Nxc4 Rc6 31. Rb1 Re6 32. Kg2
Bc6+ 33. Kf1 Be4 34. Rc1 Bd3+ 35. Kg2 Rc6 36. Kf3 b5 37. Ke3 bxc4 38. bxc4 Rxc4
39. Rxc4 Bxc4 40. g4 g5 41. Kf3 Kf6 42. Kg3 Ke5 43. h4 gxh4+ 0-1

[Event "DEM U12/U12w 2015"]
[Site "Willingen GER"]
[Date "2015.05.26"]
[Round "5"]
[White "Henning, Marvin"]
[Black "Heckmann, Till"]
[Result "0-1"]
[Termination "normal"]
[Board "14"]
[WhiteElo "1791"]
[BlackElo "1527"]
[PlyCount "156"]
[WhiteFideId "12957399"]
[BlackFideId "12987093"]
[EventCountry "GER"]
[EventRounds "11"]
[EventType "swiss"]
[EventDate "2015.05.23"]

1. e4 e6 2. d4 d5 3. exd5 exd5 4. Nf3 Bd6 5. Be3 Nf6 6. Nbd2 c6 7. c4 Bf5 8.
Qb3 Qc7 9. Rc1 O-O 10. Be2 Nbd7 11. O-O Rfe8 12. Rfe1 Qb6 13. a3 dxc4 14. Bxc4
Qxb3 15. Bxb3 Nb6 16. Nc4 Nxc4 17. Bxc4 h6 18. h3 Nd5 19. Bxd5 cxd5 20. Nd2
Rac8 21. Nb1 Bxb1 22. Rxb1 Rc2 23. Rec1 Rec8 24. Kf1 Be7 25. Ke1 Bf6 26. Rd1
Re8 27. Rd2 Rc4 28. Rbd1 Kh7 29. Ke2 Kg6 30. Kf3 Bg5 31. Rd3 Re6 32. Rb3 Bxe3
33. fxe3 Rf6+ 34. Kg3 b6 35. Rd2 Kf5 36. Kf3 Kg5+ 37. Kg3 Re6 38. Rf2 f5 39.
Rf3 Rg6 40. Rf2 Re6 41. Rb5 Rxe3+ 42. Rf3 Rxf3+ 43. Kxf3 Rxd4 44. Ke3 Rd1 45.
Ke2 Rd4 46. Ke3 Re4+ 47. Kf3 d4 48. Rd5 Re3+ 49. Kf2 Rb3 50. Rxd4 Rxb2+ 51. Kg1
Ra2 52. a4 Kf6 53. Kh2 Ke5 54. Rb4 g5 55. Kg3 f4+ 56. Kf3 Ra3+ 57. Kf2 Kd5 58.
h4 Kc6 59. Ke2 a5 60. Rb5 gxh4 61. Rh5 Rxa4 62. Rxh6+ Kb5 63. Rh5+ Ka6 64. Kf3
Rb4 65. Rxh4 a4 66. Rh8 b5 67. Ke2 Rc4 68. Kd3 Ka5 69. Rh1 a3 70. Rb1 Rb4 71.
Ra1 Ka4 72. Kc2 Rb2+ 73. Kc3 Rxg2 74. Rf1 b4+ 75. Kc4 Rc2+ 76. Kd3 Rc3+ 77. Kd2
a2 78. Rg1 Ka3 0-1

[Event "DEM U12/U12w 2015"]
[Site "Willingen GER"]
[Date "2015.05.26"]
[Round "5"]
[White "Biermann, Florian"]
[Black "Rietschel, Tilo"]
[Result "1/2-1/2"]
[Termination "normal"]
[Board "15"]
[WhiteElo "1709"]
[BlackElo "1549"]
[PlyCount "54"]
[WhiteFideId "12970069"]
[BlackFideId "16208390"]
[EventCountry "GER"]
[EventRounds "11"]
[EventType "swiss"]
[EventDate "2015.05.23"]

1. d4 d5 2. Nf3 e6 3. c4 Nf6 4. g3 Be7 5. Bg2 O-O 6. O-O c5 7. cxd5 exd5 8. Nc3
c4 9. Ne5 Bf5 10. Re1 Nc6 11. Nxc6 bxc6 12. e4 Be6 13. Bf4 Qb6 14. Qd2 Rfe8 15.
h3 Rad8 16. exd5 Bxd5 17. Rad1 Rd7 18. Ne4 Nxe4 19. Bxe4 Red8 20. Re2 Bf6 21.
Rde1 Be6 22. Qc2 g6 23. Be5 Bg7 24. Kg2 Bxe5 25. dxe5 Bd5 26. Re3 Bxe4+ 27.
Rxe4 Rd2 1/2-1/2

[Event "DEM U12/U12w 2015"]
[Site "Willingen GER"]
[Date "2015.05.26"]
[Round "5"]
[White "Wu, Leon"]
[Black "Suvorov, Luca"]
[Result "0-1"]
[Termination "normal"]
[Board "17"]
[WhiteElo "1574"]
[BlackElo "1832"]
[PlyCount "126"]
[WhiteFideId "12977438"]
[BlackFideId "12977071"]
[EventCountry "GER"]
[EventRounds "11"]
[EventType "swiss"]
[EventDate "2015.05.23"]

1. e4 c6 2. d4 d5 3. Nc3 dxe4 4. Nxe4 Bf5 5. Ng3 Bg6 6. h4 h6 7. h5 Bh7 8. Nf3
Nd7 9. Bd3 Bxd3 10. Qxd3 e6 11. Bd2 Ngf6 12. O-O-O Be7 13. Ne4 Nxe4 14. Qxe4
Nf6 15. Qd3 O-O 16. Ne5 Bd6 17. Qe2 Nd7 18. g4 Be7 19. f4 Re8 20. Rdg1 Nxe5 21.
dxe5 Bc5 22. Rg2 Qd5 23. Kb1 Kh8 24. g5 Rg8 25. g6 fxg6 26. hxg6 Rgd8 27. Rgh2
Kg8 28. Rf1 Rd7 29. Be3 Bxe3 30. Qxe3 Rad8 31. a3 Qc4 32. Rhh1 Rd2 33. Rc1 b6
34. b3 Qd5 35. Rhf1 c5 36. f5 exf5 37. e6 Rd4 38. c4 Qe4+ 39. Qxe4 Rxe4 40.
Rce1 Re8 41. Rxe4 fxe4 42. Rd1 e3 43. Rd3 Kf8 44. Rxe3 Ke7 45. Rf3 Kxe6 46. Kc2
h5 47. b4 h4 48. bxc5 bxc5 49. Rf7 Rg8 50. Rxa7 Kf6 51. Ra6+ Kg5 52. Rd6 h3 53.
Rd1 Kxg6 54. Rh1 Rh8 55. Kd2 Kf5 56. Ke2 g5 57. Kf3 Rb8 58. Kf2 Rb2+ 59. Kg3
Rb3+ 60. Kh2 g4 61. Rd1 Kg5 62. Rd8 Rb2+ 63. Kg3 Rg2# 0-1

[Event "DEM U12/U12w 2015"]
[Site "Willingen GER"]
[Date "2015.05.26"]
[Round "5"]
[White "Müdder, Melanie"]
[Black "Dietz, Florian"]
[Result "1/2-1/2"]
[Termination "normal"]
[Board "18"]
[WhiteElo "1511"]
[BlackElo "1844"]
[PlyCount "59"]
[WhiteFideId "12994103"]
[BlackFideId "12939897"]
[EventCountry "GER"]
[EventRounds "11"]
[EventType "swiss"]
[EventDate "2015.05.23"]

1. e4 c5 2. d4 cxd4 3. Qxd4 Nc6 4. Qe3 Nf6 5. Nc3 g6 6. Bd2 Bg7 7. O-O-O O-O 8.
f3 d6 9. Nge2 Nd7 10. g4 Nde5 11. Ng3 Be6 12. h4 Bc4 13. b3 Bxf1 14. Rdxf1 Qa5
15. Na4 Qc7 16. h5 b5 17. Nb2 Rfc8 18. c3 Nb4 19. Kb1 d5 20. Rc1 Na6 21. hxg6
hxg6 22. Rh3 Qa5 23. Rch1 b4 24. Ne2 dxe4 25. cxb4 Qa3 26. Bc3 Nxb4 27. Nc1
Rxc3 28. Qxc3 Nd5 29. Qd4 Rc8 30. Qxd5 1/2-1/2

[Event "DEM U12/U12w 2015"]
[Site "Willingen GER"]
[Date "2015.05.26"]
[Round "5"]
[White "Popist, Florian"]
[Black "Hinrichs, Paul"]
[Result "1/2-1/2"]
[Termination "normal"]
[Board "19"]
[WhiteElo "1422"]
[BlackElo "1641"]
[PlyCount "89"]
[WhiteFideId "16203518"]
[BlackFideId "12942545"]
[EventCountry "GER"]
[EventRounds "11"]
[EventType "swiss"]
[EventDate "2015.05.23"]

1. e4 e5 2. Nf3 Nc6 3. d4 exd4 4. Nxd4 Bb4+ 5. c3 Bc5 6. Nb3 Bb6 7. Qe2 d6 8.
Be3 Be6 9. N1d2 Nge7 10. f3 Qd7 11. O-O-O f5 12. h4 O-O-O 13. Bxb6 axb6 14. Qf2
fxe4 15. Nxe4 Ne5 16. Ng5 Bf5 17. Nd4 h6 18. Nxf5 Qxf5 19. Ne4 Rhf8 20. Qe3
N7c6 21. Bd3 Nxd3+ 22. Qxd3 Ne5 23. Qc2 Nc4 24. Qa4 Ne3 25. Rd2 Kb8 26. Qd4 Qf4
27. Kb1 d5 28. Ng3 Qxd4 29. cxd4 Nc4 30. Rd3 Rde8 31. b3 Ne3 32. Rd2 c5 33. Nf1
Nf5 34. dxc5 bxc5 35. Rxd5 Re1+ 36. Kc2 Ne3+ 37. Nxe3 Rxe3 38. Rhd1 b6 39. Rd8+
Rxd8 40. Rxd8+ Kc7 41. Rd2 Kc6 42. Rf2 Kb5 43. Kd2 Re7 44. g4 Kb4 45. Kc2
1/2-1/2

[Event "DEM U12/U12w 2015"]
[Site "Willingen GER"]
[Date "2015.05.26"]
[Round "5"]
[White "Gheng, Dominik"]
[Black "Hassemeier, Mika"]
[Result "1/2-1/2"]
[Termination "normal"]
[Board "20"]
[WhiteElo "1771"]
[BlackElo "1658"]
[PlyCount "83"]
[WhiteFideId "12906778"]
[BlackFideId "12994880"]
[EventCountry "GER"]
[EventRounds "11"]
[EventType "swiss"]
[EventDate "2015.05.23"]

1. e4 c5 2. c4 Nc6 3. Nc3 g6 4. g3 Bg7 5. Bg2 e6 6. Nge2 Nge7 7. d3 O-O 8. O-O
a6 9. Be3 Nd4 10. f4 d6 11. Bf2 Nec6 12. Nxd4 Nxd4 13. Ne2 Nc6 14. d4 cxd4 15.
Nxd4 Nxd4 16. Bxd4 e5 17. Bc3 exf4 18. Bxg7 Kxg7 19. Qd4+ Qf6 20. Qxf6+ Kxf6
21. Rad1 Kg7 22. gxf4 Be6 23. Rd4 Rac8 24. b3 Rfd8 25. Rfd1 b6 26. Re1 Kf8 27.
Red1 Ke7 28. R4d3 h5 29. Bh3 Bxh3 30. Rxh3 b5 31. cxb5 axb5 32. Rhd3 Rc2 33.
R3d2 Rxd2 34. Rxd2 Ke6 35. Rd5 Ra8 36. Rxb5 Rxa2 37. Rb6 f6 38. h4 Re2 39. Rb4
Rb2 40. Rb8 Re2 41. Rb4 Rb2 42. Rb6 1/2-1/2

[Event "DEM U12/U12w 2015"]
[Site "Willingen GER"]
[Date "2015.05.26"]
[Round "5"]
[White "Longo, Massimo"]
[Black "Schille, Hannes"]
[Result "0-1"]
[Termination "normal"]
[Board "22"]
[WhiteElo "1628"]
[BlackElo "1489"]
[PlyCount "112"]
[WhiteFideId "16205227"]
[BlackFideId "16206053"]
[EventCountry "GER"]
[EventRounds "11"]
[EventType "swiss"]
[EventDate "2015.05.23"]

1. d4 d5 2. c4 e6 3. Nc3 Bb4 4. a3 Bxc3+ 5. bxc3 Ne7 6. Qc2 dxc4 7. e4 b5 8.
Bf4 Ng6 9. Bg3 Bb7 10. f4 O-O 11. Qb1 a6 12. a4 Bc6 13. Nf3 f5 14. e5 Bxf3 15.
gxf3 c6 16. Qb4 Qe7 17. Qb2 Qc7 18. Kf2 Nd7 19. h4 Ne7 20. Be2 Nd5 21. Bh2 N7b6
22. Bd1 Rfb8 23. Qa3 Qe7 24. Qc1 Qxh4+ 25. Kg2 Qd8 26. a5 Nd7 27. Be2 Nf8 28.
Bg1 Ng6 29. Be3 Rb7 30. Bd2 Raa7 31. Kg3 Qe8 32. Rh2 Nf8 33. Kf2 Qe7 34. Be3
Nxe3 35. Qxe3 Rc7 36. Rhh1 c5 37. Rhd1 cxd4 38. Rxd4 Rd7 39. Rad1 Qc5 40. Rxd7
Qxe3+ 41. Kxe3 Rxd7 42. Rh1 Kf7 43. Rh2 Ke8 44. Rh1 Kd8 45. Rg1 Kc7 46. Rb1 Kc6
47. Rb4 Ng6 48. Rb1 Ne7 49. Bxc4 bxc4 50. Rb6+ Kc5 51. Rxa6 Nd5+ 52. Kf2 Nc7
53. Rb6 Rd2+ 54. Ke1 Ra2 55. Rd6 Rxa5 56. Rd7 Nd5 0-1

[Event "DEM U12/U12w 2015"]
[Site "Willingen GER"]
[Date "2015.05.26"]
[Round "5"]
[White "Paeslack, Luis"]
[Black "Berelowitsch, Dana"]
[Result "1/2-1/2"]
[Termination "normal"]
[Board "23"]
[WhiteElo "1775"]
[BlackElo "1408"]
[PlyCount "57"]
[WhiteFideId "12987760"]
[BlackFideId "12977144"]
[EventCountry "GER"]
[EventRounds "11"]
[EventType "swiss"]
[EventDate "2015.05.23"]

1. e4 e5 2. Nf3 Nf6 3. Nc3 Nc6 4. a3 a6 5. d4 exd4 6. Nxd4 Bc5 7. Be3 Nxd4 8.
Bxd4 Qe7 9. f3 O-O 10. Be2 Qd6 11. Bxc5 Qxc5 12. Qd2 d6 13. g4 Be6 14. g5 Nd7
15. h4 Rfe8 16. f4 Nb6 17. O-O-O Nc4 18. Bxc4 Qxc4 19. f5 Bd7 20. h5 b5 21. g6
h6 22. f6 Rf8 23. fxg7 Kxg7 24. gxf7 Kh7 25. Qg2 Qe6 26. Rdf1 Rxf7 27. Rxf7+
Qxf7 28. Kb1 Rg8 29. Qd2 1/2-1/2

[Event "DEM U12/U12w 2015"]
[Site "Willingen GER"]
[Date "2015.05.26"]
[Round "5"]
[White "Delgado, Celina"]
[Black "Sulayev, Daniel"]
[Result "0-1"]
[Termination "normal"]
[Board "24"]
[WhiteElo "1153"]
[BlackElo "1709"]
[PlyCount "112"]
[WhiteFideId "12993735"]
[BlackFideId "12977675"]
[EventCountry "GER"]
[EventRounds "11"]
[EventType "swiss"]
[EventDate "2015.05.23"]

1. d4 Nf6 2. c4 c5 3. d5 b5 4. e3 b4 5. Nf3 d6 6. Bd3 g6 7. b3 Bg7 8. Bb2 O-O
9. O-O a5 10. Nbd2 Nbd7 11. Qc2 Nb6 12. a3 Qc7 13. a4 Ba6 14. Rfe1 e6 15. e4 e5
16. Nf1 Nh5 17. Ne3 Rae8 18. Rad1 Bc8 19. Bc1 Nf4 20. Be2 f5 21. exf5 gxf5 22.
Nf1 Nxe2+ 23. Qxe2 f4 24. N1d2 Bg4 25. Ne4 Qe7 26. h3 Bh5 27. Qd3 Bf6 28. Rd2
Kh8 29. Kh1 Rg8 30. Rg1 Ref8 31. g3 fxg3 32. fxg3 Bxf3+ 33. Qxf3 Bg5 34. Qh5
Bxd2 35. Bxd2 Nc8 36. Bg5 Qg7 37. Bh6 Qf7 38. Qxf7 Rxf7 39. Bg5 Rgf8 40. Bh6
Rg8 41. Bg5 Rg6 42. h4 Kg8 43. h5 Rgg7 44. g4 Rf3 45. Bh6 Rh3+ 46. Kg2 Rxg4+
47. Kf2 Rxg1 48. Kxg1 Rxb3 49. Kf1 Rh3 50. Nf6+ Kf7 51. Ne4 Rxh5 52. Be3 Rh4
53. Nd2 Nb6 54. Bg5 Nxc4 55. Nxc4 Rxc4 56. Bd8 h5 0-1

[Event "DEM U12/U12w 2015"]
[Site "Willingen GER"]
[Date "2015.05.26"]
[Round "5"]
[White "Rudolph, Eva"]
[Black "Wastian, Mareike"]
[Result "1/2-1/2"]
[Termination "normal"]
[Board "25"]
[WhiteElo "1573"]
[BlackElo "1573"]
[PlyCount "95"]
[WhiteFideId "16200594"]
[BlackFideId "12947423"]
[EventCountry "GER"]
[EventRounds "11"]
[EventType "swiss"]
[EventDate "2015.05.23"]

1. e4 d5 2. exd5 Nf6 3. c4 c6 4. Nc3 cxd5 5. cxd5 Nxd5 6. Nf3 Bg4 7. Qa4+ Bd7
8. Qb3 Nb6 9. d4 e6 10. Be2 Be7 11. O-O O-O 12. Re1 Nc6 13. Bf4 Nb4 14. Ne5 Rc8
15. Rad1 Bc6 16. a3 N4d5 17. Nxc6 Rxc6 18. Nxd5 Qxd5 19. Qg3 Qf5 20. Bd3 Qf6
21. Be5 Qg5 22. Qf3 Rd8 23. h3 h6 24. Qe4 g6 25. Qf3 Nd5 26. Re4 h5 27. h4 Qh6
28. Qg3 Nf6 29. Ree1 Ng4 30. Be4 Rc4 31. Bxb7 Rc2 32. Bf4 Qg7 33. f3 Nf6 34. b4
Nd5 35. Bxd5 Rxd5 36. Be5 Bf6 37. Kf1 Ra2 38. Bxf6 Qxf6 39. Qb8+ Kg7 40. Qxa7
Qxh4 41. Re2 Qh1+ 42. Kf2 Rxe2+ 43. Kxe2 Qxg2+ 44. Ke3 Qg5+ 45. Ke2 h4 46. Qc7
Qg2+ 47. Ke3 h3 48. Rd2 1/2-1/2

[Event "DEM U12/U12w 2015"]
[Site "Willingen GER"]
[Date "2015.05.26"]
[Round "5"]
[White "Schneider, Edward"]
[Black "Grabbel, Lennart"]
[Result "1/2-1/2"]
[Termination "normal"]
[Board "26"]
[WhiteElo "1395"]
[BlackElo "1584"]
[PlyCount "106"]
[WhiteFideId "16200870"]
[BlackFideId "16201620"]
[EventCountry "GER"]
[EventRounds "11"]
[EventType "swiss"]
[EventDate "2015.05.23"]

1. e4 c5 2. Nf3 e6 3. d4 cxd4 4. Nxd4 a6 5. c4 Nf6 6. Nc3 Qc7 7. Qc2 Bb4 8. a3
Bxc3+ 9. Qxc3 Nxe4 10. Nb5 axb5 11. Qxg7 Rf8 12. Bh6 Qd6 13. f3 Nc5 14. Rd1 Qe7
15. b4 Nca6 16. cxb5 Nc7 17. Rc1 Nc6 18. bxc6 bxc6 19. Qxf8+ Qxf8 20. Bxf8 Kxf8
21. Ra1 Nd5 22. b5 Ne3 23. Kd2 Nxf1+ 24. Rhxf1 cxb5 25. Rfb1 Rb8 26. Rb4 Ba6
27. a4 Rb6 28. axb5 Rxb5 29. Rxb5 Bxb5 30. Ke3 d5 31. Ra8+ Kg7 32. Rb8 Ba4 33.
Rb4 Bc2 34. Rb2 Bg6 35. g4 h5 36. h3 e5 37. Rg2 d4+ 38. Kd2 Kf6 39. h4 hxg4 40.
fxg4 e4 41. h5 Bh7 42. g5+ Kf5 43. Rf2+ Ke6 44. Rf6+ Ke7 45. Rh6 Bf5 46. Rf6
e3+ 47. Ke1 Bh7 48. Rf4 d3 49. g6 fxg6 50. Re4+ Kd6 51. hxg6 Bxg6 52. Rxe3 Kd5
53. Rxd3+ Bxd3 1/2-1/2

[Event "DEM U12/U12w 2015"]
[Site "Willingen GER"]
[Date "2015.05.26"]
[Round "5"]
[White "Wu, Luka"]
[Black "Kühne, Maria"]
[Result "1/2-1/2"]
[Termination "normal"]
[Board "27"]
[WhiteElo "1580"]
[BlackElo "1401"]
[PlyCount "162"]
[WhiteFideId "12977420"]
[BlackFideId "12997412"]
[EventCountry "GER"]
[EventRounds "11"]
[EventType "swiss"]
[EventDate "2015.05.23"]

1. e4 e6 2. d4 d5 3. Nc3 dxe4 4. Nxe4 Bd7 5. Nf3 Bc6 6. Ng3 Nd7 7. Bf4 Ngf6 8.
Bc4 Be7 9. O-O O-O 10. c3 Bxf3 11. Qxf3 c6 12. Ne4 Nxe4 13. Qxe4 Nf6 14. Qc2
Nd5 15. Bg3 Qd7 16. Rfe1 Rfe8 17. Re2 Rad8 18. Rae1 c5 19. dxc5 Bxc5 20. Kh1
Nb6 21. Bb3 Rc8 22. a3 Be7 23. Rxe6 Kh8 24. R6e2 Bf6 25. h3 Rxe2 26. Qxe2 Kg8
27. Kg1 Kf8 28. Kf1 h6 29. Rd1 Qe8 30. Bd6+ Kg8 31. Re1 Qxe2+ 32. Rxe2 Nd7 33.
Bd5 Nc5 34. Be7 Rc7 35. Bxf6 gxf6 36. Ba2 b6 37. g3 Kg7 38. Kg2 Nd3 39. Bb1 Ne5
40. f4 Ng6 41. Kf3 Rd7 42. Bf5 Rc7 43. h4 Ne7 44. Bb1 Nc6 45. Rd2 Na5 46. Ba2
Re7 47. Rd4 Rc7 48. Bd5 Kg6 49. Be4+ Kg7 50. Bd3 Nb3 51. Rd8 Nc5 52. Ke3 Re7+
53. Kf2 Ne6 54. Rd6 Rc7 55. Bf5 Nc5 56. Rd4 Nb3 57. Rd7 Rxd7 58. Bxd7 Nc5 59.
Bf5 Na4 60. b3 Nxc3 61. Ke3 Nd5+ 62. Kd4 Ne7 63. Be4 Kf8 64. a4 Ke8 65. Kc4 Kd7
66. b4 Kc7 67. Kb5 Nc8 68. Ka6 Kb8 69. a5 bxa5 70. Kxa5 Nd6 71. Bd3 f5 72. Ka4
Kb7 73. Kb3 Kb6 74. Kc3 Nb5+ 75. Kb3 Nd6 76. Kc3 Nb5+ 77. Kc4 Kc6 78. Bf1 f6
79. Bg2+ Kb6 80. Bf3 Nc7 81. Be2 Nb5 1/2-1/2

[Event "DEM U12/U12w 2015"]
[Site "Willingen GER"]
[Date "2015.05.26"]
[Round "5"]
[White "Roho, Kevin"]
[Black "Truong, Lisa"]
[Result "1-0"]
[Termination "normal"]
[Board "29"]
[WhiteElo "1825"]
[BlackElo "1264"]
[PlyCount "112"]
[WhiteFideId "12973734"]
[BlackFideId "12983462"]
[EventCountry "GER"]
[EventRounds "11"]
[EventType "swiss"]
[EventDate "2015.05.23"]

1. c4 e5 2. Nc3 Bc5 3. e3 Nc6 4. Nge2 a6 5. d3 Nf6 6. g3 d6 7. Bg2 Bd7 8. O-O
O-O 9. d4 exd4 10. exd4 Ba7 11. h3 Qc8 12. Kh2 h6 13. Be3 Ne7 14. Qd2 Bc6 15.
d5 Bd7 16. Bxa7 Rxa7 17. Rfe1 Ng6 18. Nf4 Ne5 19. Qd4 Ra8 20. Nd3 Nxd3 21. Qxd3
Bf5 22. Qd4 Re8 23. g4 Bg6 24. Be4 Nxe4 25. Nxe4 Qd7 26. Re3 Bxe4 27. Rxe4 Rxe4
28. Qxe4 Re8 29. Qd4 Qe7 30. Rd1 Qe4 31. Kg3 Qxd4 32. Rxd4 Re2 33. b4 Rxa2 34.
c5 dxc5 35. bxc5 Rc2 36. d6 cxd6 37. cxd6 Rc8 38. Kf4 f6 39. Ke4 Kf7 40. Kd5
Rc2 41. Re4 Rd2+ 42. Kc4 Rc2+ 43. Kd5 Rb2 44. Re7+ Kf8 45. Rc7 Rb5+ 46. Ke6
Re5+ 47. Kd7 Rd5 48. Rxb7 a5 49. Ra7 Kf7 50. Kc8+ Ke6 51. d7 Rxd7 52. Rxd7 g6
53. Ra7 f5 54. Rxa5 Kf6 55. gxf5 gxf5 56. Kd7 Kg5 1-0

[Event "DEM U12/U12w 2015"]
[Site "Willingen GER"]
[Date "2015.05.26"]
[Round "5"]
[White "Ewerhardy, Moritz"]
[Black "Merk, Daniel"]
[Result "0-1"]
[Termination "normal"]
[Board "30"]
[WhiteElo "1337"]
[BlackElo "1799"]
[PlyCount "66"]
[WhiteFideId "36052086"]
[BlackFideId "12938386"]
[EventCountry "GER"]
[EventRounds "11"]
[EventType "swiss"]
[EventDate "2015.05.23"]

1. e4 e6 2. d4 d5 3. e5 c5 4. c3 Qb6 5. Nf3 Nc6 6. Be2 Nh6 7. O-O Nf5 8. dxc5
Bxc5 9. b4 Be7 10. Nbd2 Qc7 11. Bb5 Bd7 12. Qa4 O-O 13. Qc2 Nxb4 14. Qb2 Bxb5
15. cxb4 Bxf1 16. Nxf1 Qb6 17. Rb1 Rac8 18. Bf4 a6 19. Qe2 Rc7 20. Ne3 Nxe3 21.
Bxe3 Qc6 22. Nd4 Qc4 23. Qg4 Kh8 24. h3 Qxa2 25. Qd1 Rfc8 26. Ra1 Qc4 27. Qf3
Bxb4 28. Bh6 Qxd4 29. Bxg7+ Kxg7 30. Qf6+ Kg8 31. Qg5+ Kf8 32. Qh6+ Ke8 33. Rf1
Qxe5 0-1

[Event "DEM U12/U12w 2015"]
[Site "Willingen GER"]
[Date "2015.05.26"]
[Round "5"]
[White "Zell, Hannah"]
[Black "Brunner, Sophia"]
[Result "0-1"]
[Termination "normal"]
[Board "31"]
[WhiteElo "1224"]
[BlackElo "1553"]
[PlyCount "60"]
[WhiteFideId "16208900"]
[BlackFideId "12960683"]
[EventCountry "GER"]
[EventRounds "11"]
[EventType "swiss"]
[EventDate "2015.05.23"]

1. e4 d5 2. exd5 Qxd5 3. d4 Nc6 4. c3 Nf6 5. Nf3 Bg4 6. Be2 e5 7. c4 Qe4 8. Nc3
Qf5 9. Nh4 Bxe2 10. Qxe2 Qg4 11. dxe5 Qxe2+ 12. Nxe2 Nxe5 13. b3 Bb4+ 14. Kf1
O-O-O 15. Bg5 Ned7 16. g3 h6 17. Bxf6 Nxf6 18. Kg2 Rhe8 19. Ng1 Rd2 20. Ngf3
Rc2 21. Nd4 Rb2 22. Rhb1 Bc3 23. Ndf5 Rc2 24. Rc1 Ree2 25. Rxc2 Rxc2 26. Rd1 b6
27. Rd3 Ne4 28. Kf3 Ng5+ 29. Ke3 Be1 30. f4 Bf2# 0-1